| 000 -LEADER |
| fixed length control field |
01231cam a22002537i 4500 |
| 003 - CONTROL NUMBER IDENTIFIER |
| control field |
OSt |
| 005 - DATE AND TIME OF LATEST TRANSACTION |
| control field |
20200313050917.0 |
| 008 - FIXED-LENGTH DATA ELEMENTS--GENERAL INFORMATION |
| fixed length control field |
111128t20132013gw ae b 001 0deng d |
| 020 ## - INTERNATIONAL STANDARD BOOK NUMBER |
| International Standard Book Number |
9783791344324 |
| Qualifying information |
(hbk.) |
| 082 04 - DEWEY DECIMAL CLASSIFICATION NUMBER |
| Classification number |
720.922 |
| Edition number |
23 |
| Item number |
GRE |
| 100 1# - MAIN ENTRY--PERSONAL NAME |
| Personal name |
Gregory, Rob. |
| 245 10 - TITLE STATEMENT |
| Title |
Hopkins. |
| Number of part/section of a work |
3 / |
| Statement of responsibility, etc |
Rob Gregory, Paul Finch. |
| 246 3# - VARYING FORM OF TITLE |
| Title proper/short title |
Hopkins three |
| 300 ## - PHYSICAL DESCRIPTION |
| Extent |
359 pages : |
| Other physical details |
illustrations (chiefly color), plans (chiefly color) ; |
| Dimensions |
30 cm |
| 500 ## - GENERAL NOTE |
| General note |
"Hopkins 3 is the latest volume in a trilogy of monographs documenting almost four decades of architectural practice by Hopkins Architects"--Jacket. |
| 504 ## - BIBLIOGRAPHY, ETC. NOTE |
| Bibliography, etc |
Includes bibliographical references (pages 356-357) and index. |
| 505 0# - FORMATTED CONTENTS NOTE |
| Formatted contents note |
Machine generated contents note: Place-Making and Public Engagement -- Institutions and Headquarters -- Healthcare -- Schools, Colleges, Universities and Research -- Work in the Middle East -- Buildings for Sport -- Lines of Continuity / Paul Finch -- Current Projects -- Chronology. |
| 610 20 - SUBJECT ADDED ENTRY--CORPORATE NAME |
| Corporate name or jurisdiction name as entry element |
Hopkins Architects. |
| 650 #0 - SUBJECT ADDED ENTRY--TOPICAL TERM |
| Topical term or geographic name as entry element |
Architectural firms |
| Geographic subdivision |
England |
| -- |
London. |
| 650 #0 - SUBJECT ADDED ENTRY--TOPICAL TERM |
| Topical term or geographic name as entry element |
Architecture, Modern |
| Chronological subdivision |
21st century |
| Form subdivision |
Designs and plans. |
| 700 1# - ADDED ENTRY--PERSONAL NAME |
| Personal name |
Finch, Paul, |
| Dates associated with a name |
1949- |
| 700 1# - ADDED ENTRY--PERSONAL NAME |
| Personal name |
Hopkins, Michael, |
| Dates associated with a name |
1935- |
| 942 ## - ADDED ENTRY ELEMENTS (KOHA) |
| Source of classification or shelving scheme |
|